Datum a čas kvízu
21.5
Celkem bodů
Celkový počet nahraných bodů na tomto kvízu bez doplňovacích otázek.
8.
Pořadí na kvízu
Konečné umístění týmu na tomto kvízu.
Zaznamenané odpovědi
| # | Otázka | Odpověď | Body | Výsledky |
|---|---|---|---|---|
| 1. | Jeden z vysokých ústavních čin... | Radek Vondráček | 1 | |
| 2. | Ve stínu událostí českých parl... | Ministr zahraničí. | 0 | |
| 3. | Svůj poslední koncert po šedes... | Spirituál kvintet | 0 | |
| 4. | Po 75 letech existence minulý... | Alitalia | 0 | |
| 5. | Profesionální kariéru minulý t... | Roman Kreuziger | 1 | |
| 6. | Pokřín obecný je rostlina, kte... | mandragora | 1 | |
| 7. | Túje, dřevina z rodu cypřišovi... | zerav | 0 | |
| 8. | Vigna zlatá je rostlina z čele... | mungo | 0 | |
| 9. | Ledvinovník západní je tropick... | oříšky kešu | 0 | |
| 10. | Kterým slovem na S obecně ozna... | sukulenty | 1 |